00783 2200277 4500001002100000005001500021035002000036007000300056008004100059040001700100100001700117245011700134250001200251300003900263020001800302041000800320082000800328084001400336090002000350260004300370500002900413650001100442850001000453990002200463990002000485INLIS00000000000313420260528083733 a0010-0321000097ta260528 0  aSBPUPADbind0 aImam Baehaqi1 aLearning English Grammar Through Jokes Cara Praktis dan Menyenangkan Belajar Tata Bahasa Inggris /cImam Baehaqi a.-cet.1 aviii, 184 hlm. :bilus. ;c20,5 cm a979-3931-97-40 aind a425 a425 BAE l a425 BAE l 14-10 a.--Yogyakarta :bCakrawala Ilmu,c2015 aprofil penulis: hlm, 181 4aBahasa aPUPAD a24.184/H/DPK/2017 a24.185/H/DPK/17